000 00328 a2200157 4500
001 69018
020 _a
040 _cAnchieta - Itaigara
100 _aBrasileiro, Jonar
240 1 0 _aPoesia da paz
_lpor
245 1 0 _aPoesia da paz
300 _a24
362 0 _a2003
650 4 _aLiteratura infanto-juvenil
942 _cBK
999 _c69018
_d69018